Essential reagents for organic synthesis (Record no. 32119)
[ view plain ]
| 000 -LEADER | |
|---|---|
| fixed length control field | 00467nam a2200169Ia 4500 |
| 008 - FIXED-LENGTH DATA ELEMENTS--GENERAL INFORMATION | |
| fixed length control field | 230917s9999||||xx |||||||||||||| ||und|| |
| 020 ## - ISBN | |
| Price | USD119.5 |
| 040 ## - CATALOGING SOURCE | |
| -- | 256696 |
| Original cataloging agency | VIVEKANANDA LIBRARY |
| 041 ## - Language | |
| -- | English |
| 082 ## - DDC NUMBER | |
| Classification number | 547.2 F951E |
| 100 ## - MAIN ENTRY--PERSONAL NAME | |
| Personal name | Fuchs, Philip L, ed. |
| 245 #0 - TITLE STATEMENT | |
| Title | Essential reagents for organic synthesis |
| 260 ## - PUBLICATION, DISTRIBUTION, ETC. (IMPRINT) | |
| Place of publication, distribution, etc | Chichester |
| Name of publisher, distributor, etc | John Wiley |
| Date of publication, distribution, etc | 2016 |
| 300 ## - PHYSICAL DESCRIPTION | |
| Pages | xiv, 622 p. |
| 500 ## - GENERAL NOTE | |
| General note | 3557 26/07/2019 RBP19/76957 30/09/2019 Main Budget |
| 942 ## - ADDED ENTRY ELEMENTS (KOHA) | |
| Koha item type | Books |
| Withdrawn status | Lost status | Damaged status | Not for loan | Location (home branch) | Sublocation or collection (holding branch) | Date acquired | Koha issues (times borrowed) | Koha full call number | Accession No. | Koha date last seen | Koha item type |
|---|---|---|---|---|---|---|---|---|---|---|---|
| VIVEKANANDA LIBRARY | VIVEKANANDA LIBRARY | 31/10/2019 | 547.2 F951E | 384984 | 17/09/2023 | Books |
